| 000 | 00764nam a22002297a 4500 | ||
|---|---|---|---|
| 003 | 0 | ||
| 005 | 20250901145717.0 | ||
| 008 | 250901b xxu||||| |||| 00| 0 eng d | ||
| 020 | _a978-93-5751-336-4 | ||
| 050 |
_aPE 1112 _b.P36 2025 |
||
| 100 |
_aPandey, Dheeraj, _eauthor. |
||
| 245 |
_aEnglish grammar and writing skills / _cDheeraj Pandey. |
||
| 250 | _aFirst edition. | ||
| 260 |
_aNew Delhi, India : _bRandom Publications, _c2025. |
||
| 300 |
_ax, 270 pages ; _c24 cm. |
||
| 504 | _aIncludes bibliographical references and index. | ||
| 650 |
_aEnglish language _xGrammar. |
||
| 650 |
_aEnglish language _xComposition and exercises. |
||
| 650 |
_aEnglish language _xRhetoric _xStudy and teaching. |
||
| 650 |
_aEnglish language _xStyle. |
||
| 942 |
_2lcc _cBK |
||
| 999 |
_c367729 _d367729 |
||